000 00544cab a2200217 4500
001 X1238
008 090401t1993 xxu||||| |||| 00| 0 eng d
035 _a(Sirsi) u15729
041 _aeng
100 _aStephenson, K.
245 _aSlow but sure?
260 _c1993
350 _a0
490 _aSolicitors` Journal
_v137(47) 10 December 1993, 1245(1)
650 _aInsolvency
_96247
650 _aNORTH
650 _aSHARES
690 _aPROPERTY-COMMERCIAL PROPERTY-COMMERCIAL PROPERTY MARKET
942 _n0
948 _c04/03/1997
999 _c10341
_d10341